[Event "FIDE Chesscom Grand Swiss 2021"]
[Site "Riga"]
[Date "2021.11.06"]
[Round "10.38"]
[White "Nguyen, Thai Dai Van"]
[Black "Pichot, Alan"]
[Result "1-0"]
[WhiteElo "2577"]
[BlackElo "2628"]
[Annotator "TA"]
[PlyCount "143"]
[EventDate "2021.10.27"]
[EventType "swiss"]
[EventCountry "LAT"]
[Tiebreak "Cut1 Buchholz+Sonneborn-Berger (Swiss)"]
[SourceTitle "playchess.com"]
[Source "ChessBase"]
[SourceQuality "1"]

{[%evp 9,143,21,15,-2,16,18,80,67,72,91,69,67,84,33,33,15,25,12,11,9,15,3,14,4,
6,0,2,2,11,0,6,0,0,0,0,0,0,0,0,0,0,0,10,0,0,0,56,56,56,56,56,54,42,42,81,79,
158,79,177,140,489,454,398,271,276,0,0,0,265,247,286,0,301,316,131,80,80,0,117,
107,115,250,226,175,174,108,108,122,776,1676,1239,750,5160,80,1061,1061,1020,
970,436,0,0,0,439,648,479,327,457,414,999,1239,2969,0,2015,0,2535,1576,1485,
1050,29981,12841,12841,12839,12841,0,12841,12841,12842,12842,12843,12843,12843,
12844,29992,29993,29993,29994]} 1. c4 e5 2. g3 c6 3. Nf3 e4 4. Nd4 d5 5. d3
Bb4+ 6. Bd2 {[#] A20: English Opening: 1...e5.} Bxd2+ $146 (6... Be7 {looks
sharper.} 7. dxe4 dxe4 8. Nc2 f5 9. Nc3 Nf6) ({Predecessor:} 6... Qb6 7. Bxb4
Qxb4+ 8. Qd2 Qxd2+ 9. Nxd2 exd3 10. e4 dxe4 11. Nxe4 Ke7 12. O-O-O Nf6 {
1-0 (34) Rapport,R (2720)-Cornette,M (2573) Karlsruhe 2016}) 7. Qxd2 dxc4 (7...
exd3 $11 {keeps the balance.} 8. Qxd3 dxc4 9. Qxc4 Nf6) 8. dxe4 $16 {White is
better.} Nf6 9. Bg2 O-O 10. O-O Re8 11. Rd1 (11. Nc3 $16) 11... Nxe4 $14 12.
Qf4 Qe7 13. Nd2 Nxd2 14. Rxd2 c3 15. bxc3 Na6 16. Rb1 Nc5 17. h4 h6 18. Nb3
Nxb3 19. Rxb3 Be6 20. Rb4 Red8 21. a4 a5 22. Rbd4 Rxd4 23. Qxd4 Qa3 24. Kh2 Re8
25. Rd3 Bf5 26. Re3 Rxe3 27. Qxe3 Qa2 ({Black should play} 27... Bc2 $11) 28.
Qe5 g6 29. Qb8+ Kg7 30. Qxb7 Qxe2 31. Qb6 Qd2 32. Qc5 Bd7 (32... Be6 $142) 33.
Bf3 (33. Qxa5 $142 {aiming for Qd8.} Qxf2 34. Qd8) 33... h5 (33... g5 $16) 34.
Kg2 Bg4 $2 {[%mdl 8192]} (34... Qd3 $16 {is a better chance.}) 35. Bxg4 $18
hxg4 36. Qxc6 {[%mdl 4096] Endgame KQ-KQ} Qd3 37. Kh2 Qc2 $1 {[%cal Rc2f2]} 38.
Kg2 Qd3 39. c4 Qc2 40. c5 $2 (40. Qe8 $1 $18) 40... Qc4 $2 {[%mdl 8192]} (40...
Qf5 $1 $11) 41. Qb5 $1 {[%cal Rb5c4]} Qe4+ ({Better is} 41... Qd5+ $18 42. Kg1
Qd1+ 43. Qf1 Qxa4) 42. Kg1 (42. Kh2 $142 $1) 42... Qe1+ $16 43. Kg2 {Strongly
threatening Qc4.} Qe4+ 44. Kh2 $1 Qc2 45. Kg1 Qd1+ {[#]} 46. Qf1 $1 {[%cal
Rf1d1]} Qxa4 47. Qc1 Qc6 48. Qc3+ Qf6 $2 {[%mdl 8192]} (48... Kf8 $16) 49. Qxa5
$18 Qd4 50. Qb5 Qc3 51. Qc6 $2 (51. c6 $18 {And now Qb6 would win.} Qe1+ 52.
Kg2 Qe4+ 53. Kg1 Qe1+ 54. Kg2 Qe4+ 55. Kg1 Qe1+) 51... Qe5 $2 {[%mdl 8192] [#]}
(51... Qe1+ $16 52. Kg2 Qe5) 52. Qd6 $1 {[%cal Rd6e5]} Qe1+ 53. Kg2 Qe4+ 54.
Kg1 Qe1+ 55. Kg2 Qe4+ {Black is on the road to losing.} 56. Kh2 Qc2 57. Qd4+
Kh7 {and the idea ...Kg8 leaves Black hopeful.} 58. Kg2 f5 (58... Qf5 $142 59.
Qc4 Qf3+ 60. Kg1 Qd1+ 61. Kh2 Qf3) 59. Qd7+ Kh6 60. Qd4 {[%cal Rd4h8]} Kh7 61.
Qd7+ Kh6 $1 62. Qe8 {[%cal Re8h8]} Kg7 63. c6 {[%cal Bc5c6,Bc6c7][%mdl 32]} Qa4
64. Qe7+ (64. Qe5+ $142 Kh7 65. Qc7+ Kg8 66. Qc8+ Kf7 67. Qb7+ Kf8 68. c7 Qe8
69. c8=Q) 64... Kh6 65. Qg5+ Kg7 66. Qe7+ Kh6 $1 67. Qc5 f4 68. c7 {Intending
Qg5+! and mate.} Qe4+ 69. Kg1 Qe1+ 70. Kh2 Qf1 71. Qf8+ Kh7 72. Qf7+ {Weighted
Error Value: White=0.48/Black=0.39} 1-0

[Event "FIDE Chesscom Grand Swiss 2021"]
[Site "Riga"]
[Date "2021.11.06"]
[Round "10.39"]
[White "Martirosyan, Haik M."]
[Black "Sethuraman, S.P.."]
[Result "1/2-1/2"]
[WhiteElo "2624"]
[BlackElo "2620"]
[Annotator "TA"]
[PlyCount "119"]
[EventDate "2021.10.27"]
[EventType "swiss"]
[EventCountry "LAT"]
[Tiebreak "Cut1 Buchholz+Sonneborn-Berger (Swiss)"]
[SourceTitle "playchess.com"]
[Source "ChessBase"]
[SourceQuality "1"]

{[%evp 11,118,12,16,19,23,16,20,15,11,20,12,23,26,17,17,16,17,17,18,17,21,10,
16,16,23,16,35,4,8,9,21,6,32,27,78,74,78,80,80,80,80,79,80,80,75,74,77,80,75,
70,70,70,74,74,74,39,37,38,33,27,32,27,27,0,0,0,0,0,0,0,0,0,0,0,0,0,0,0,0,0,
12838,12839,12839,12839,12838,0,0,0,-28000,-28000,-28000,-28000,-28000,-28000,
-28000,-28000,-28000,-28000,-28000,-28000,-28000,-28000,-28000,-28000,-28000,
-28000,-28000,-28000,-28000]} 1. d4 d5 2. c4 c6 3. Nf3 Nf6 4. Nc3 e6 5. Bg5
dxc4 6. a4 b5 7. axb5 {D44: Semi-Slav: Botvinnik System.} cxb5 8. Nxb5 Qb6 $1 {
[%cal Rb6b5]} 9. Na3 {The position is equal.} ({Don't go for} 9. Qa4 $2 Bd7 $19
) 9... Bxa3 10. Qa4+ Nc6 $1 11. Qxa3 ({Much worse is} 11. Rxa3 Bd7 $15) 11...
Ne4 12. e3 f6 13. Bf4 Nb4 {And now ...Nc2+ would win.} 14. Rc1 Ba6 $1 {[#]} 15.
Bc7 $1 Qxc7 16. Qxb4 {Black must now prevent Qa4+.} Rb8 17. Qa4+ Bb5 18. Qa3
Qe7 {[#]} 19. Qa5 $146 (19. Nd2 {keeps more tension.} Nxd2 20. Kxd2 Rb6 21.
Bxc4 Qb7 22. b3) ({Predecessor:} 19. Nd2 Qxa3 20. bxa3 Nd6 21. Bxc4 Nxc4 22.
Nxc4 Bxc4 23. Rxc4 Rb1+ 24. Ke2 Rxh1 25. Rc8+ {1/2-1/2 (37) Xu,Z (2515)-Wei,Y 
(2725) Liaocheng 2021}) 19... Nd6 20. Nd2 {[%cal Rf1c4]} O-O 21. Nxc4 Rfc8 22.
b3 Kf8 (22... Bc6 $11 {keeps the balance.}) 23. Be2 $16 Bxc4 24. bxc4 Nxc4 25.
Bxc4 {0-0 is the strong threat.} ({Inferior is} 25. Rxc4 Rxc4 26. Bxc4 Rb1+ 27.
Ke2 Rxh1 $17) 25... Qb4+ 26. Qxb4+ Rxb4 {[#]} 27. Kd2 $1 Rbxc4 (27... Rcxc4 28.
Rxc4) 28. Rxc4 Rxc4 {[%mdl 4096] Endgame KR-KR} 29. Ra1 Rc7 30. Ra6 Kf7 31. g4
g5 32. Kd3 Rb7 33. Ke4 Re7 34. h3 Kg6 35. f4 gxf4 36. exf4 h5 37. gxh5+ Kxh5
38. f5 exf5+ 39. Kxf5 {Hoping for Ra5.} Rd7 40. Ra4 Rd6 41. Rxa7 {[%cal Ra7h7]}
(41. Ke4 {seems wilder.} Re6+ 42. Kd3 Re1 43. d5 Kg6 44. Kd4) 41... Kh4 42.
Rh7+ (42. Ra1 {looks sharper.} Rxd4) 42... Kg3 43. Ke4 {Threatens to win with
d5.} (43. h4 {keeps more tension.} Rxd4 44. Kxf6) 43... Re6+ 44. Kd5 (44. Kd3 {
is more complex.} f5 45. h4 f4 46. h5 f3 47. h6) 44... Ra6 45. h4 f5 $2 {
[%mdl 8192]} (45... Kf4 $11) 46. Ke5 $1 $18 f4 47. Rg7+ Kf3 48. d5 $2 (48. Rf7
$18 Kg3 49. Rxf4 Ra5+ 50. Ke4) 48... Rh6 $1 $11 49. d6 (49. Rf7 {with more
complications.} Rxh4) 49... Rxh4 50. Rf7 {Mate.} Rh5+ 51. Rf5 Rxf5+ 52. Kxf5 {
KP-KP} Kg3 $1 53. d7 f3 54. d8=Q f2 55. Qd3+ Kg2 56. Qd2 {[#]} Kh1 $1 57. Qe2
Kg1 58. Qe3 Kg2 59. Qd2 {[#]} Kh1 $1 60. Qxf2 {Weighted Error Value: White=0.
10/Black=0.02} 1/2-1/2

[Event "FIDE Chesscom Grand Swiss 2021"]
[Site "Riga"]
[Date "2021.11.06"]
[Round "10.40"]
[White "Suleymanli, Aydin"]
[Black "Brkic, Ante"]
[Result "0-1"]
[WhiteElo "2541"]
[BlackElo "2621"]
[Annotator "TA"]
[PlyCount "78"]
[EventDate "2021.10.27"]
[EventType "swiss"]
[EventCountry "LAT"]
[Tiebreak "Cut1 Buchholz+Sonneborn-Berger (Swiss)"]
[SourceTitle "playchess.com"]
[Source "ChessBase"]
[SourceQuality "1"]

{[%evp 9,78,-10,-14,-21,39,-8,-3,-8,-11,-19,-12,-7,-13,-8,-3,-42,0,0,0,-7,0,-5,
23,45,50,46,51,23,44,25,25,-34,-28,-46,-62,-81,-85,-127,-125,-159,-152,-146,
-93,-115,-113,-160,-159,-153,-145,-150,-138,-242,-244,-265,-271,-345,-345,-325,
-332,-323,-310,-386,-427,-476,-472,-466,-471,-443,-381,-675,-330]} 1. d4 Nf6 2.
c4 e6 3. Nc3 Bb4 4. f3 c5 5. d5 b5 6. e4 {E20: Nimzo-Indian: 4 g3 and 4 f3.} d6
(6... O-O $11) 7. Nge2 bxc4 {Threatening ...exd5.} 8. Nf4 {The position is
equal.} e5 9. Nfe2 Nbd7 10. Ng3 Nb6 11. Be2 Ng8 12. h4 {[#]} Ne7 $146 (12... f5
$5) ({Predecessor:} 12... f5 13. f4 Bxc3+ 14. bxc3 Nf6 15. O-O O-O 16. fxe5
dxe5 17. exf5 Qxd5 18. Bf3 Qxd1 19. Rxd1 {1/2-1/2 (31) Oreopoulos,K (2491)
-Mende,I (2440) ICCF email 2018}) 13. h5 h6 14. f4 exf4 15. Bxf4 g5 16. hxg6 $1
Nxg6 17. Qd2 (17. Bxh6 Rxh6 $1 {[%mdl 512]} 18. Rxh6 Qg5 $17) 17... Qe7 18. O-O
(18. Bxh6 Qe5 $17) (18. Rxh6 Rxh6 19. Bxh6 Na4 $1 $11) 18... Bd7 $1 19. Bxh6 {
Strongly threatening Bg7.} O-O-O 20. Nh5 ({White should play} 20. Bg7 $11)
20... Bxc3 $15 21. bxc3 Qxe4 (21... Qh4 $6 22. Bg5 $14) 22. Bg7 Rhe8 (22...
Nxd5 $6 23. Bf3 $11) (22... Qxd5 23. Qxd5 Nxd5 24. Nf6 $11) 23. Rf2 Qe3 $1 {
[%cal Re3d2]} ({Not} 23... Nxd5 $2 24. Bf3 $18) (23... Qxd5 $6 24. Qxd5 Nxd5
25. Bxc4 $11) 24. Bf1 Qxd2 25. Rxd2 Re3 (25... Rg8 $142 $1 26. Be2 Nf4 $1 {
[%mdl 576] Deflection} 27. Nxf4 Rxg7) 26. Kf2 Re4 27. a4 Rg8 {Hoping for ...
Rh4.} ({Stronger than} 27... Bxa4 28. g3 $11) ({Much worse is} 27... Nxa4 $6
28. Kg1 $11) 28. a5 Na4 {aiming for ...Rh4.} 29. g3 {And now Nf6 would win.}
Ne5 30. Ra3 (30. Rc1 $17 {was necessary.}) 30... Ng4+ $1 $19 31. Kf3 f5 32. Re2
Rxe2 33. Bxe2 {[#]} Nb2 34. Ra2 Nd3 {...Be8 is the strong threat.} 35. Bxd3
cxd3 36. c4 Be8 37. Nf6 Rxg7 38. Nxe8 Rg6 39. Kf4 $2 (39. Nxd6+ Rxd6 40. Kf4)
39... Nh6 {Weighted Error Value: White=0.36/Black=0.06} (39... Kd7 $142 40.
Kxf5 Ne5 41. Nf6+ {[#]} Rxf6+ $1 {[%mdl 512]} 42. Kxf6 Nxc4) 0-1

[Event "FIDE Chesscom Grand Swiss 2021"]
[Site "Riga"]
[Date "2021.11.06"]
[Round "10.41"]
[White "Jobava, Baadur"]
[Black "Jumabayev, Rinat"]
[Result "1/2-1/2"]
[WhiteElo "2582"]
[BlackElo "2658"]
[Annotator "TA"]
[PlyCount "109"]
[EventDate "2021.10.27"]
[EventType "swiss"]
[EventCountry "LAT"]
[Tiebreak "Cut1 Buchholz+Sonneborn-Berger (Swiss)"]
[SourceTitle "playchess.com"]
[Source "ChessBase"]
[SourceQuality "1"]

{[%evp 16,109,22,8,31,24,31,0,7,0,6,6,2,0,0,-11,7,6,21,10,22,-10,-7,-4,-11,-7,
0,0,0,0,0,0,0,0,0,0,0,0,0,0,0,0,0,-24,30,33,108,102,137,70,80,77,77,61,68,75,
68,68,70,74,77,59,57,41,49,37,50,57,55,31,52,8,8,0,0,0,0,0,0,0,0,0,0,0,0,0,0,0,
0,0,0,0,0,0,0,0]} 1. e4 c5 2. Nf3 d6 3. Bb5+ Bd7 4. Bxd7+ Nxd7 5. O-O Ngf6 6.
Qe2 e6 7. c3 Be7 8. d4 O-O $1 {8...0-0 scores better than 8...cxd4.} 9. Rd1 Rc8
{B52: Sicilian: Moscow Variation with 3...Bd7.} 10. e5 Ne8 11. Bf4 {[#]} Qb6
$146 ({Predecessor:} 11... Qc7 12. exd6 Bxd6 13. Bxd6 Nxd6 14. Na3 Rfd8 15. Nb5
Nxb5 16. Qxb5 a6 17. Qe2 Nf6 18. dxc5 Qxc5 19. Rxd8+ Rxd8 {0-1 (34) Kobalia,M 
(2614)-Grischuk,A (2777) Chess.com INT 2020}) 12. h4 cxd4 13. cxd4 Nc7 14. Nc3
Rfd8 15. Ng5 dxe5 16. dxe5 Nf8 17. Qf3 {[#] Hoping for Be3.} Qc6 18. Nce4 Rxd1+
19. Rxd1 Nd5 20. Be3 {aiming for Nd6.} Bxg5 21. Nxg5 Rc7 22. Bxa7 h6 23. Ne4
Ng6 (23... b6 $5 24. Bb8 $8 Rc8 $11) 24. Bb8 Nxh4 25. Qg4 $36 {[%mdl 2048]
White is pushing.} Rc8 26. Nf6+ Nxf6 27. exf6 {[%csl Gf6][%cal Rg4g7] [#]} Ng6
28. Be5 Kh7 29. Qg3 gxf6 (29... Qa4 $142 30. Re1 gxf6 31. Bxf6 Qxa2) 30. Bxf6
$11 Rg8 (30... Qa4 $14 31. Qd3 Qxa2) 31. Qd3 $16 h5 32. Qd7 (32. a3 $16) 32...
Ne5 $14 {[%csl Gg8][%cal Rc6g2]} 33. Qxc6 Nxc6 $16 {[%mdl 4096] Endgame KRB-KRN
} 34. Rd7 Kg6 35. Bc3 Rb8 36. a4 b5 37. Rc7 $1 {[%cal Rc7c6]} b4 38. Bd2 Rb6
39. Kf1 Ra6 40. Ke2 Nd4+ 41. Kd3 e5 42. Rc4 (42. Be3 $5 {[%cal Re3d4]}) 42...
Rxa4 43. Rxb4 (43. Bc3 $5) 43... Ra1 {The position is equal.} 44. Be3 Rd1+ 45.
Kc3 {[%cal Re3d4]} Nf5 46. Re4 f6 47. b4 Nd6 48. Rh4 f5 49. g3 e4 50. Kc2 Rd3
51. Bc5 Nb5 52. Rh1 Na3+ 53. Kb2 Nc4+ 54. Kc2 Na3+ 55. Kb2 {Weighted Error
Value: White=0.08/Black=0.07} 1/2-1/2

[Event "FIDE Chesscom Grand Swiss 2021"]
[Site "Riga"]
[Date "2021.11.06"]
[Round "10.42"]
[White "Onyshchuk, Volodymyr"]
[Black "Mamedov, Rauf"]
[Result "1-0"]
[WhiteElo "2622"]
[BlackElo "2673"]
[Annotator "TA"]
[PlyCount "79"]
[EventDate "2021.10.27"]
[EventType "swiss"]
[EventCountry "LAT"]
[Tiebreak "Cut1 Buchholz+Sonneborn-Berger (Swiss)"]
[SourceTitle "playchess.com"]
[Source "ChessBase"]
[SourceQuality "1"]

{[%evp 13,79,14,38,36,28,36,15,11,50,11,19,0,0,0,2,7,77,85,79,68,71,63,60,70,
54,21,66,70,69,67,74,48,145,146,129,124,135,106,127,122,126,126,173,175,171,
165,225,217,231,177,307,294,400,412,407,414,426,153,438,439,436,434,450,440,
587,576,699,713]} 1. e4 c5 2. Nf3 g6 3. c3 d5 4. exd5 Qxd5 5. d4 Bg7 6. dxc5
Qxd1+ 7. Kxd1 Nf6 8. Nbd2 $5 {[%mdl 4] Leaves trodden paths. B22: Sicilian: 2
c3.} O-O 9. Bc4 Nc6 10. Ke2 {[#] The position is equal.} Rd8 $146 ({
Predecessor:} 10... Na5 11. Bd3 Nd7 12. Bc2 Rd8 13. Nb3 Nxb3 14. axb3 Nxc5 15.
Be3 b6 16. Rhd1 Ba6+ {1-0 (65) Roberson,P (2429)-Garcia Paolicchi,R (2123)
Escaldes 2019}) 11. Nb3 Bg4 12. Bb5 Ne5 13. Bf4 Nxf3 14. gxf3 Bh5 (14... Be6
$11 {keeps the balance.}) 15. Rhd1 $16 Rdc8 16. Rd3 a6 17. Bc4 e6 18. Rad1 Bf8
({But not} 18... b5 $2 19. cxb6 g5 20. Bg3 $18) 19. Kf1 Ne8 ({Wrong is} 19...
b5 $2 20. cxb6 Rxc4 21. b7 $1 $18) 20. Kg2 Bxc5 ({Don't go for} 20... b5 $2 21.
cxb6 Rxc4 22. b7 $1 $18) 21. Nxc5 Rxc5 {[#]} 22. Rd8 $1 Rcc8 (22... Rxd8 $14
23. Rxd8 Rxc4 24. Rxe8+ Kg7 25. Be5+ Kh6) 23. Rxc8 $1 Rxc8 24. Bb3 Ng7 25. Rd7
b5 26. Ra7 Nf5 27. Rxa6 Nh4+ {[#]} 28. Kh3 $1 {[%cal Rh3h4]} Nxf3 {[#]} 29.
Rxe6 $1 {[%mdl 512]} g5 {[#]} (29... Rd8 $142 30. Rb6 Nd2 31. Rxb5 Nxb3) 30.
Be3 $1 $18 Kg7 31. Re7 Rc6 (31... Rb8 {was called for.} 32. Rc7 h6) 32. Rb7 Bg6
33. Bd5 Rf6 34. Kg3 Ng1 35. Kg2 $2 (35. Rxb5 $18 {has better winning chances.
Hoping for Bc4.} Ne2+ 36. Kg2) 35... Ne2 $2 {This costs Black the game.} (35...
Rd6 $16 {is a better defense.}) 36. Rxb5 {White is clearly winning.} Bd3 37.
Rb7 Rd6 38. c4 Rf6 39. f3 h5 40. Bxg5 {Weighted Error Value: White=0.15/
Black=0.40} 1-0

[Event "FIDE Chesscom Grand Swiss 2021"]
[Site "Riga"]
[Date "2021.11.06"]
[Round "10.43"]
[White "Cheparinov, Ivan"]
[Black "Kravtsiv, Martyn"]
[Result "1-0"]
[WhiteElo "2659"]
[BlackElo "2625"]
[Annotator "TA"]
[PlyCount "47"]
[EventDate "2021.10.27"]
[EventType "swiss"]
[EventCountry "LAT"]
[Tiebreak "Cut1 Buchholz+Sonneborn-Berger (Swiss)"]
[SourceTitle "playchess.com"]
[Source "ChessBase"]
[SourceQuality "1"]

{[%evp 10,47,6,5,17,12,16,18,29,0,67,60,87,90,76,19,33,30,75,47,78,95,92,63,
107,91,240,239,244,253,475,479,476,466,439,471,456,449,460,440]} 1. d4 Nf6 2.
c4 e6 3. Nc3 Bb4 4. f3 c5 5. d5 O-O 6. e4 Re8 {E20: Nimzo-Indian: 4 g3 and 4
f3.} 7. Nge2 d6 8. Ng3 b5 {The position is equal.} 9. Be2 $5 {[%mdl 4] An
interesting side line.} ({Don't play} 9. cxb5 exd5 10. Be2 d4 $15) 9... exd5 {
[#]} (9... bxc4 $11 10. Bxc4 Ba6 11. Bxa6 Nxa6) 10. cxd5 $146 ({Predecessor:} 
10. exd5 bxc4 11. O-O Nbd7 12. Nce4 Nxe4 13. Nxe4 Ne5 14. Qc2 Bf5 15. Bxc4 Nxc4
16. Qxc4 {0-1 (60) Alivodic,D (2120)-Cirovic,M (2226) Pljevlja 2019}) 10... c4
11. O-O Nbd7 12. Kh1 (12. a4 $1 $16) 12... Rb8 13. Be3 a5 14. Qc2 a4 15. b3 $1
a3 16. Bd4 Ba6 17. Rab1 Ne5 {[#] Loses the game.} (17... Bc5 $16 18. Bxc5 Nxc5)
18. bxc4 $1 $18 {[%mdl 64] Discovered Attack, Overworked Piece} bxc4 {[#]} 19.
Qa4 {[%mdl 64] Double Attack} Qa5 {[#]} (19... Bxc3 20. Bxc3 Ra8 21. Qxa3 Bb7)
20. Rxb4 $1 {[%mdl 576] Deflection. White is clearly winning.} Qxb4 21. Qxa6
Ra8 22. Qb5 Reb8 23. Qxb4 Rxb4 24. Nf5 {Weighted Error Value: White=0.09/
Black=0.46} 1-0

[Event "FIDE Chesscom Grand Swiss 2021"]
[Site "Riga"]
[Date "2021.11.06"]
[Round "10.44"]
[White "Georgiev, Kiril"]
[Black "Gukesh D"]
[Result "0-1"]
[WhiteElo "2577"]
[BlackElo "2640"]
[Annotator "TA"]
[PlyCount "72"]
[EventDate "2021.10.27"]
[EventType "swiss"]
[EventCountry "LAT"]
[Tiebreak "Cut1 Buchholz+Sonneborn-Berger (Swiss)"]
[SourceTitle "playchess.com"]
[Source "ChessBase"]
[SourceQuality "1"]

{[%evp 12,72,0,-2,0,-17,15,-7,-12,17,11,-26,-20,-40,-18,-19,-23,-17,-25,-13,
-15,-16,0,-34,-34,-65,-65,-77,-82,-80,-81,-77,-80,-89,-79,-87,-82,-74,-88,-338,
-356,-657,-657,-657,-657,-657,-657,-657,-657,-642,-629,-29971,-3742,-29993,
-796,-972,-970,-972,-811,-1086,-855,-29980,-29981]} 1. d4 Nf6 2. c4 e6 3. Nf3
d5 4. Nc3 Bb4 5. e3 O-O 6. Bd2 b6 7. a3 Bd6 {E51: Nimzo-Indian: Rubinstein: 4..
.0-0 5 Nf3 d5.} 8. Rc1 a6 9. Bd3 Bb7 {[#] The position is equal.} 10. cxd5 $146
({Predecessor:} 10. O-O Nbd7 11. b4 dxc4 12. Bxc4 e5 13. dxe5 Nxe5 14. Nxe5
Bxe5 15. Qe2 {1/2-1/2 (15) Piesik,P (2407)-Pacher,M (2437) Slovakia 2019})
10... exd5 11. O-O Nbd7 12. Ne2 Qe7 13. Ng3 g6 14. Bb4 {Threatening Rxc7!} c5
15. dxc5 bxc5 16. Bc3 Rfd8 17. Re1 a5 18. Qa4 c4 {Strongly threatening ...Nc5.}
19. Bb1 Nc5 20. Qd1 Nb3 21. Rc2 Ne4 22. Nxe4 dxe4 23. Nd4 Nc5 $36 {[%cal Bb3c5,
Bc5d3,Bd3e5,Be5f3][%mdl 2080] Black has strong initiative.} 24. Qg4 Nd3 25. Rf1
$2 {Loses the game.} (25. Rd1 $17 {keeps fighting.}) 25... Ne5 $1 $19 {[%cal
Re5g4]} 26. Qe2 {[#]} (26. Qh3 Bc8 27. g4) 26... Nf3+ $1 {[%mdl 512]} 27. Nxf3
exf3 28. Qxc4 fxg2 {...Rac8 is the strong threat.} 29. Re1 Bf3 30. Ba2 {
If only White now had time for Rd2....} Rac8 {[%cal Ba8c8,Bc8c5,Bc5h5,Bh5g5]
[%mdl 32]} 31. Qa4 Rc5 32. Rd2 {[#]} Bc6 ({Not} 32... Rh5 33. Rxd6 Qxd6 34. Qf4
$17) (32... Bxh2+ $142 $1 {[%mdl 512]} 33. Kxh2 Rh5+ 34. Kg3 Qg5+ 35. Kxf3 Rh3+
36. Ke2 Qh5+ 37. Qg4 Qxg4+ 38. f3 Qxf3#) 33. Qg4 {[#]} Bxh2+ $1 {[%mdl 512]}
34. Kxh2 Rxd2 35. Bxd2 Rh5+ 36. Kg3 Rg5 {Weighted Error Value: White=1.07/
Black=0.22} 0-1

[Event "FIDE Chesscom Grand Swiss 2021"]
[Site "Riga"]
[Date "2021.11.06"]
[Round "10.45"]
[White "Abasov, Nijat"]
[Black "Adly, Ahmed"]
[Result "0-1"]
[WhiteElo "2638"]
[BlackElo "2602"]
[Annotator "TA"]
[PlyCount "84"]
[EventDate "2021.10.27"]
[EventType "swiss"]
[EventCountry "LAT"]
[Tiebreak "Cut1 Buchholz+Sonneborn-Berger (Swiss)"]
[SourceTitle "playchess.com"]
[Source "ChessBase"]
[SourceQuality "1"]

{[%evp 12,84,8,0,16,0,2,2,-10,-22,-12,-12,-14,-5,-11,0,0,-22,-16,-21,-21,-20,
-21,-56,-48,-42,-59,-50,-35,-35,-19,-33,-31,-60,-43,-85,-94,-81,-89,-81,-85,
-142,-143,-138,-144,-138,-140,-145,-112,-148,-148,-238,-237,-342,-342,-342,
-327,-421,-421,-421,-421,-539,-68,-523,-523,-534,-523,-559,-559,-567,-421,-571,
-560,-562,-545]} 1. d4 Nf6 2. c4 e6 3. Nf3 Bb4+ 4. Nbd2 d5 5. e3 O-O 6. a3 Be7
7. Qc2 b6 {E11: Bogo-Indian.} 8. b4 c5 {[#]} 9. bxc5 $146 ({Predecessor:} 9.
cxd5 exd5 10. bxc5 bxc5 11. dxc5 Qa5 12. Bb2 Ne4 13. Bd3 Ba6 14. O-O Nxc5 15.
Bxh7+ {1-0 (23) Vorobiov,E (2580)-De Verdier,M (2366) Cappelle la Grande 2012})
9... bxc5 {The position is equal.} 10. dxc5 Ba6 11. Bb2 Qa5 12. Be2 Rc8 13. O-O
Nbd7 14. Bc3 Qd8 15. c6 Rxc6 {[%cal Rd5c4]} 16. Qa4 Qc8 17. Nd4 Rc7 {[%cal
Ra6c4]} 18. Nb5 Bxb5 19. Qxb5 Rb8 20. Qa4 Nb6 21. Qc2 Nfd7 {[%cal Rd5c4]} 22.
Rfc1 dxc4 23. e4 Bf6 $36 {[%mdl 2048] Keeping White busy.} 24. a4 Bxc3 25. Qxc3
Nc5 26. a5 ({Better is} 26. Qa3) 26... Nba4 $17 27. Qxc4 {[#]} Na6 $1 {[%mdl
576] Pin} 28. Rxa4 {Strongly threatening Qxc7.} Rxc4 29. Raxc4 Qd8 30. Nf3 g6
31. Ne5 {[#]} (31. Nd4 $17 {was called for.} Nb4 32. Bf1) 31... Qg5 $1 $19 {
[%cal Rg5e5]} ({Weaker is} 31... Qxa5 32. Nc6 $11) 32. Rc8+ (32. Nc6 {keeps
fighting.} Rb2 33. Bf1) 32... Rxc8 33. Rxc8+ Kg7 34. Nxf7 Kxf7 35. Bxa6 Qxa5 {
[%mdl 4096] Endgame KQ-KRB} 36. Rc6 {and the idea Bf1 leaves White hopeful.}
Qe1+ 37. Bf1 {Loses the game.} a5 {[%cal Ba7a5,Ba5a4,Ba4a3][%mdl 32] Black is
clearly winning.} 38. Rc7+ Kf8 39. Rxh7 a4 40. Ra7 Qb4 41. g3 a3 42. h4 Qb3 {
Weighted Error Value: White=0.29/Black=0.17} 0-1